[Event "CAN-ch U10"]
[Site "Ottawa"]
[Date "2007.07.05"]
[Round "6"]
[White "Sreeraman, Shreyas"]
[Black "Gauvin, Mathieu"]
[Result "1-0"]
[WhiteElo "1061"]
[BlackElo "977"]
[PlyCount "89"]
[EventDate "2007.07.03"]
[EventType "swiss"]
[EventRounds "7"]
[EventCountry "CAN"]
[SourceTitle "EXT 2022"]
[Source "ChessBase"]
[SourceDate "2021.10.06"]
[SourceVersion "1"]
[SourceVersionDate "2021.10.06"]
[SourceQuality "1"]

1. e4 e5 2. Nf3 f6 3. Nc3 c6 4. d3 d5 5. Be3 dxe4 6. Nxe4 Bf5 7. Nc3 c5 8. g3 Nc6 9. Bg2 Nb4 10. a3 Nc6 11. 0-0 e4 12. dxe4 Bxe4 13. Nxe4 Qxd1 14. Raxd1 Nh6 15. Bxc5 Bxc5 16. Nxc5 0-0 17. Nxb7 Rab8 18. Rd7 Rfe8 19. Re1 Rxe1+ 20. Nxe1 Re8 21. Nd3 Nd4 22. Rxd4 g5 23. Rd8 Rxd8 24. Nxd8 Nf7 25. Nxf7 Kxf7 26. b4 h5 27. c4 Ke7 28. a4 f5 29. b5 Kd7 30. Nc5+ Kd6 31. Nb3 h4 32. gxh4 gxh4 33. b6 axb6 34. c5+ bxc5 35. a5 c4 36. Nd4 c3 37. Nb5+ Kc5 38. Nxc3 Kd6 39. a6 f4 40. a7 Ke5 41. a8Q Kd4 42. Nb5+ Kd3 43. Qa3+ Ke2 44. Nd4+ Kd1 45. Bf3+ 1-0

[Event "CAN-ch U10"]
[Site "Ottawa"]
[Date "2007.07.03"]
[Round "1"]
[White "Levesque, Brale"]
[Black "Sreeraman, Shreyas"]
[Result "1-0"]
[WhiteElo "1224"]
[BlackElo "1061"]
[PlyCount "103"]
[EventDate "2007.07.03"]
[EventType "swiss"]
[EventRounds "7"]
[EventCountry "CAN"]
[SourceTitle "EXT 2022"]
[Source "ChessBase"]
[SourceDate "2021.10.06"]
[SourceVersion "1"]
[SourceVersionDate "2021.10.06"]
[SourceQuality "1"]

1. e4 e5 2. Nf3 Nc6 3. Bc4 Nf6 4. c3 Nxe4 5. Qb3 Qe7 6. Bxf7+ Qxf7 7. d3 Nc5 8. Qc4 Qxc4 9. dxc4 e4 10. Nfd2 d6 11. b4 Nd7 12. b5 Nce5 13. Na3 Nf6 14. 0-0 Bf5 15. Bb2 0-0-0 16. Rfd1 Nd3 17. Rab1 d5 18. cxd5 Nxb2 19. Rxb2 Bxa3 20. Rb3 Bc5 21. Re1 Ng4 22. Nxe4 Bxe4 23. Rxe4 Nxf2 24. Re2 Nh3+ 25. Kf1 Rhf8+ 26. Ke1 Rxd5 27. gxh3 Rdf5 28. Kd2 Rd8+ 29. Kc2 Rh5 30. c4 c6 31. bxc6 bxc6 32. Kc1 Be7 33. Rxe7 Rh4 34. Rbb7 Rxc4+ 35. Kb2 Rd2+ 36. Kb3 Rdd4 37. Rxg7 Rc1 38. Ka3 Rc3+ 39. Kb2 Rdd3 40. Rbf7 Rd8 41. Kxc3 Kb8 42. Kb4 Rd4+ 43. Kc5 Rd8 44. Kxc6 Rc8+ 45. Rc7 Rxc7+ 46. Rxc7 a6 47. Kb6 h5 48. Kc6 h4 49. Rd7 Kc8 50. Rc7+ Kd8 51. Ra7 Kc8 52. Ra8# 1-0